History of khadi / (Record no. 178492)

MARC details
000 -LEADER
fixed length control field 00781nam a22002057a 4500
005 - DATE AND TIME OF LATEST TRANSACTION
control field 20210401122441.0
010 ## - LCCN (DPL NO)
LC control number B-738687
020 ## - INTERNATIONAL STANDARD BOOK NUMBER
International Standard Book Number 9788123760421
Terms of availability 60.00
035 ## - SYSTEM CONTROL NUMBER
System control number B-738687
037 ## - SOURCE OF ACQUISITION
Source of stock number/acquisition Gift
082 ## - DEWEY DECIMAL CLASSIFICATION NUMBER
Classification number 338.6340954
100 ## - MAIN ENTRY--PERSONAL NAME
Personal name Parikh, Geetanjali
245 ## - TITLE STATEMENT
Title History of khadi /
Statement of responsibility, etc by Geetanjali Parikh
260 ## - PUBLICATION, DISTRIBUTION, ETC. (IMPRINT)
Place of publication, distribution, etc New Delhi
Name of publisher, distributor, etc National Book Trust
Date of publication, distribution, etc 2011
270 ## - ADDRESS
Address Nehru Bhawan, 5 Institutional Area, Phase-II, Vasant Kunj
City New Delhi
Postal code 110070
300 ## - PHYSICAL DESCRIPTION
Extent viii, 90p.:
Other physical details ill.
Dimensions 21cm(pbk)
500 ## - GENERAL NOTE
General note includes bibliographical references
942 ## - ADDED ENTRY ELEMENTS (KOHA)
Source of classification or shelving scheme Dewey Decimal Classification
Item type English Books
Classification part 338.6340954
Call number suffix PAR
Holdings
Withdrawn status Lost status Not for loan Collection code Home library Current library Date acquired Source of acquisition Cost, normal purchase price Full call number Barcode Copy number Cost, replacement price Koha item type
      Non-fiction Central Library Central Library 01/04/2021 Gift/Eng/26-02-2021 60.00 338.6340954 PAR B-738687 1 60.00 English Books

© Delhi Public Library
Hit Counter
free hit counter